| 000 | 00489nam a2200181Ia 4500 | ||
|---|---|---|---|
| 001 | 26279 | ||
| 008 | 140414s9999 xx 000 0 und d | ||
| 020 | _a0-471-22474-X | ||
| 040 | _cPK-LaUMT | ||
| 082 |
_a 004.68 _bWIR- |
||
| 100 | _aBenny Bing | ||
| 245 |
_aWireless local area networks _bthe new wireless revolution _cBenny Bing |
||
| 260 |
_aNew York,USA: _bWiley Interscience, _c2002 |
||
| 300 | _a244 p. | ||
| 546 | _aEN | ||
| 650 | _aWireless communication systems | ||
| 942 | _cBK | ||
| 999 |
_c26441 _d26441 |
||